ბათუმის შოთა რუსთაველის სახელმწიფო უნივერსიტეტის ბიბლიოთეკა

რუსთველი მსოფლიო ლიტერატურაში : (ბიბ.ჩანაწერი № 62354)

000 -ლიდერი
ფიქსირებული სიგრძის საკონტროლო ველი 01757nam a22002417a 4500
003 - საკონტროლო ნომრის იდენტიფიკატორი
საკონტროლო ველი Ge_BSU
005 - ბოლო ოპერაციის თარიღი და დრო
საკონტროლო ველი 20241008173011.0
008 - ფიქსირებული სიგრძის მონაცემთა ელემენტები - ზოგადი ინფორმაცია
ფიქსირებული სიგრძის საკონტროლო ველი 241008s1978 ge ||||| |||| 00| 0 geo d
041 ## - ენის კოდი
Language code of text/sound track or separate title geo
080 ## - უნივერსალური ათობითი კლასიფიკაციის ინდექსი
Universal Decimal Classification number 821.353.1(092რუსთაველი, შ.) რ-93
245 ## - ცნობა სათაურის შესახებ
Title რუსთველი მსოფლიო ლიტერატურაში :
Remainder of title [სტატიების კრებული]. ტ. 2, საზღვარგარეთელ მოღვაწეთა რუსთველოლოგიური ნააზრევი /
Statement of responsibility, etc შესავალი წერილის და შენიშვნების ავტ. ლ. მენაბდე ; [რედ. კოლ.: ა. ბარამიძე, ო. ბაქანიძე, ვ. გამყრელიძე და სხვ.] ; თსუ.
264 ## - წარმოების, გამოცემის, დისტრიბუციის და სხვა ცნობები
გამოცემის, წარმოების, დისტრიბუციის... ადგილი თბილისი :
გამოცემის, წარმოების, დისტრიბუციის... სახელწოდება თბილ. უნ-ტის გამ-ბა,
გამოცემის, წარმოების, დისტრიბუციის... თარიღი 1978.
300 ## - ფიზიკური აღწერა
Extent 461 გვ.;
Other physical details 22 სმ.
500 ## - ზოგადი შენიშვნა
General note შენიშვნები: გვ. 394-448.
საძიებლები: გვ. 449-461.
ლიტ. სია: გვ. 34-52.
653 ## - INDEX TERM--UNCONTROLLED
Uncontrolled term რუსთველოლოგია.
700 ## - ADDED ENTRY--PERSONAL NAME
Personal name მენაბდე, ლ.,
Relator term წინასიტყვაობის ავტორი
9 (RLIN) 14531
700 ## - ADDED ENTRY--PERSONAL NAME
Personal name ბარამიძე, ა.
Relator term რედაქტორი.
9 (RLIN) 23358
700 ## - ADDED ENTRY--PERSONAL NAME
Personal name ბაქანიძე, ვ.
Relator term რედაქტორი
9 (RLIN) 23359
700 ## - ADDED ENTRY--PERSONAL NAME
Personal name გამყრელიძე, ვ.
Relator term რედაქტორი.
9 (RLIN) 4369
710 ## - ADDED ENTRY--CORPORATE NAME
Corporate name or jurisdiction name as entry element თბილისის სახელმწიფო უნივერსიტეტი.
9 (RLIN) 23360
773 ## - HOST ITEM ENTRY
Title ნაჩუქარი
942 ## - ADDED ENTRY ELEMENTS (KOHA)
Source of classification or shelving scheme
Koha item type წიგნი
ეგზემპლარები
ჩამოწერის სტატუსი დაკარგული ეგზემპლარის სტატუსი კლასიფიკაციის წყარო ან თაროზე გაწყობის სქემა დაზიანების სტატუსი არ გაიცემა მუდმივი მდებარეობა (დაცვის ადგილი) ამჟამინდელი ადგილსამყოფელი თაროზე განთავსების ადგილი შეძენის თარიღი ღირებულება, შესყიდვის ნორმალური ფასი სრული შენახვის შიფრი შტრიხკოდი ბოლო ოპერაციის თარიღი ეგზემპლარის მიმდევრობითი ნომერი (კეტერი?) ფასის ძალაში შესვლის თარიღი ეგზემპლარის სახეობა საჯარო შენიშვნა
          ბათუმის შოთა რუსთაველის სახელმწიფო უნივერსიტეტის მთავარი ბიბლიოთეკა ბათუმის შოთა რუსთაველის სახელმწიფო უნივერსიტეტის მთავარი ბიბლიოთეკა წიგნსაცავი 2024-10-08 7.00 821.353.1(092რუსთაველი, შ.) რ-93 69178 2024-10-08 69178 2024-10-08 წიგნი 7 ლ.